Cien autores ecuatorianos IX : Federico Proaño Márquez, Roberto Andrade Rodríguez, Miguel Moreno Ordóñez, César Borja Lavayen, Julio Matovelle Maldonado, Miguel Valverde Letamendi /
Colección antológica de la literatura latinoamericana, publicada hacia el bienio 1958-1959, que recoge creaciones de un total de cien autoras y autores, que vivieron entre 1566 y 1956. El Acervo Xavier Clavigero cuenta con los volúmenes 2, 3, 4, 5, 6, 7, 8, 9 y 10, que suman 45 firmas. El volumen 9...
Salvato in:
| Altri autori: | |
|---|---|
| Natura: | Libro |
| Lingua: | spagnolo |
| Pubblicazione: |
Quito, Ecuador :
Ministerio de Educación Pública del Ecuador : Servicio Cooperativo Interamericano de Educación,
1958
|
| Serie: | (Biblioteca del Estudiante. Cien Autores Ecuatorianos ;
9) |
| Soggetti: | |
| Tags: |
Nessun Tag, puoi essere il primo ad aggiungerne!!
|
MARC
| LEADER | 00000nam^a2200000^a^4500 | ||
|---|---|---|---|
| 001 | 000629181 | ||
| 005 | 20260306000000.0 | ||
| 009 | 20260407175342.525 | ||
| 037 | |a Acervo Xavier Clavigero | ||
| 041 | |a ESP | ||
| 082 | |a 868. |b ECU V. 9 | ||
| 240 | 1 | 1 | |a [Cien autores ecuatorianos] |
| 245 | 0 | 0 | |a Cien autores ecuatorianos IX : |b Federico Proaño Márquez, Roberto Andrade Rodríguez, Miguel Moreno Ordóñez, César Borja Lavayen, Julio Matovelle Maldonado, Miguel Valverde Letamendi / |c F. Proaño Márquez... [et al.]. |
| 246 | 2 | |a Título en la cubierta: Cien autores ecuatorianos No. 9 | |
| 264 | 1 | |a Quito, Ecuador : |b Ministerio de Educación Pública del Ecuador : |b Servicio Cooperativo Interamericano de Educación, |c 1958 | |
| 300 | |a 62 p. | ||
| 336 | |a texto |b txt |2 rdacontenido | ||
| 337 | |a sin mediación |b n |2 rdamedio | ||
| 338 | |a volumen |b nc |2 rdasoporte | ||
| 440 | 1 | |a (Biblioteca del Estudiante. |p Cien Autores Ecuatorianos ; |v 9) | |
| 520 | |a Colección antológica de la literatura latinoamericana, publicada hacia el bienio 1958-1959, que recoge creaciones de un total de cien autoras y autores, que vivieron entre 1566 y 1956. El Acervo Xavier Clavigero cuenta con los volúmenes 2, 3, 4, 5, 6, 7, 8, 9 y 10, que suman 45 firmas. El volumen 9 contiene selecciones de los autores identificados con los siguientes números: 42) Federico Proaño Márquez (1848-1894), 43) Roberto Andrade Rodríguez (1850-1938), 44) Miguel Moreno Ordóñez (1851-1910), 45) César Borja Lavayen (1851-1910), ministro de Relaciones Exteriores de Ecuador (1908-1909), 46) Julio Matovelle Maldonado (1852-1929), sacerdote oblato, y 47) Miguel Valverde Letamendi (1852-1920), ministro de Relaciones Exteriores, ministro plenipotenciario de Ecuador en Brasil y cónsuol general en Roma, Italia. Los fragmentos antologizados de la colección están identificados con los números 162-179. | ||
| 649 | |a XX | ||
| 650 | |a Independentistas Ecuatorianos | ||
| 650 | |a Nacionalismo en la Literatura - |z Ecuador | ||
| 650 | |a Literatura y Política - |z Ecuador | ||
| 650 | |a Literatura e Historia - |z Ecuador | ||
| 650 | |a Literatura Ecuatoriana - |y Siglo XIX | ||
| 650 | |a Literatura Ecuatoriana - |y Siglo XX | ||
| 650 | |a Ecuador - |x Historia - |y Siglo XIX | ||
| 650 | |a Calderón, Abdón | ||
| 700 | |a Proaño Márquez, Federico |e (autor) | ||
| 910 | |a Fondo General | ||
| 920 | |a Impresos - Libros | ||
| 930 | |a Colección General | ||
| 940 | |a Literatura | ||
| 905 | |a 101 | ||
| 901 | |a 055237 |b IT1 |c LIT |i 055237 |u 20260306 | ||
| 902 | |a https://opac.biblio.iteso.mx/vufind/Record/000629181 | ||